000 00551nam a2200181 a 4500
001 000021394
005 20200930011319.0
008 100907s1964 dr 000 0 spa d
040 _aDO-SdBNP
_bspa
_cBNPHU
082 _a323.64
_bS197m
100 1 _aSanabia, Emilio
_944649
245 1 0 _aMartirio de los exiliados políticos de América /
_cEmilio Sanabia.
260 _aSanto Domingo :
_bArte y Cine,
_c1964.
300 _a86 p. ;
_c25 cm.
651 4 _aAmérica
_xExiliados
_944650
651 4 _aAmérica
_xExiliados Politicos
_944651
049 _aBNPD
999 _c20894
_d20894